[Event "Wch U18"]
[Site "Montesilvano"]
[Date "2023.11.21"]
[Round "8"]
[White "Popov, Konstantin"]
[Black "Arfan, Aditya Bagus"]
[Result "1/2-1/2"]
[WhiteElo "2345"]
[BlackElo "2415"]
[PlyCount "173"]
[EventDate "2023.11.13"]
[EventType "swiss"]
[EventRounds "11"]
[EventCountry "ITA"]
[SourceTitle "CB48_2023"]
[SourceDate "2023.11.29"]
[SourceVersion "1"]
[SourceVersionDate "2023.11.29"]
[SourceQuality "1"]

1. e4 c6 2. d4 d5 3. e5 Bf5 4. h4 h5 5. Bd3 Bxd3 6. Qxd3 e6 7. Nf3 Qa5+ 8. Nbd2 Nh6 9. 0-0 Nf5 10. a4 Be7 11. Nb3 Qa6 12. Qd1 Nd7 13. g3 Rc8 14. c3 g6 15. Bg5 Bxg5 16. Nxg5 c5 17. dxc5 Nxc5 18. Nd4 Qd3 19. Nxf5 Qxf5 20. Qe2 Qd3 21. Qe1 Nb3 22. Rd1 Qc2 23. Qe3 0-0 24. Rfe1 Rc4 25. Nf3 Kg7 26. Qxa7 Qxb2 27. Qxb7 Qc2 28. Ng5 Kg8 29. Qe7 Rxc3 30. Rb1 Nd4 31. Rb8 Rcc8 32. Rb7 Qc3 33. Kf1 Nf3 34. Nxf3 Qxf3 35. Kg1 Rc2 36. Rf1 Ra2 37. Rb4 Qc3 38. Qd6 Kg7 39. Rf4 Re2 40. Rb1 Qxe5 41. Qxe5+ Rxe5 42. a5 d4 43. Rxd4 Rxa5 44. Rb7 Rf5 45. Rd3 Ra8 46. Kg2 Ra2 47. Rf3 Rxf3 48. Kxf3 Kf6 49. Ke3 e5 50. Rc7 Ke6 51. Rb7 Ra4 52. Ke2 Rd4 53. Ke3 Rd7 54. Rb8 Kf5 55. Rf8 Re7 56. Kf3 Ra7 57. Re8 Ra3+ 58. Ke2 f6 59. Rg8 Ra1 60. Kf3 Ra3+ 61. Ke2 Ra7 62. Kf3 e4+ 63. Ke3 g5 64. hxg5 fxg5 65. Rf8+ Kg4 66. Kxe4 Re7+ 67. Kd3 h4 68. gxh4 gxh4 69. Rh8 Re1 70. f4 h3 71. f5 Re5 72. f6 Rf5 73. Ke2 Rxf6 74. Rg8+ Kh4 75. Rh8+ Kg3 76. Rg8+ Kh2 77. Rg7 Ra6 78. Kf1 Rf6+ 79. Ke2 Kh1 80. Rg8 Rf4 81. Rg7 Rb4 82. Kf1 h2 83. Rg8 Rb1+ 84. Kf2 Rg1 85. Rf8 Rg2+ 86. Kf1 Rf2+ 87. Kxf2 1/2-1/2

[Event "Asian Continental op 20th"]
[Site "Almaty"]
[Date "2023.06.10"]
[Round "8"]
[White "Pour Agha Bala, Amirreza"]
[Black "Arfan, Aditya Bagus"]
[Result "1-0"]
[WhiteElo "2523"]
[BlackElo "2416"]
[PlyCount "89"]
[EventDate "2023.06.04"]
[EventType "swiss"]
[EventRounds "9"]
[EventCountry "KAZ"]
[SourceTitle "CBM 214 Extra"]
[Source "ChessBase"]
[SourceDate "2023.07.31"]
[SourceVersion "1"]
[SourceVersionDate "2023.07.31"]
[SourceQuality "1"]

1. Nf3 d5 2. g3 g6 3. Bg2 Bg7 4. d4 Nf6 5. 0-0 0-0 6. c4 c6 7. cxd5 cxd5 8. Ne5 Nc6 9. Nc3 Ne4 10. Nxc6 bxc6 11. Nxe4 dxe4 12. Be3 Bf5 13. Qa4 Qb6 14. b3 Qb5 15. Qa3 Qxe2 16. Qxe7 Rfd8 17. Rfd1 Rd7 18. Qc5 Qb5 19. Rac1 Rad8 20. Qc4 Qxc4 21. Rxc4 Bg4 22. Rd2 c5 23. d5 Rxd5 24. Rxd5 Rxd5 25. Bxe4 Rd1+ 26. Kg2 Bd4 27. Bxd4 cxd4 28. Bf3 Bxf3+ 29. Kxf3 d3 30. Ke3 Ra1 31. Ra4 Rf1 32. Rd4 Ra1 33. a4 Rb1 34. Rxd3 Rb2 35. Rd8+ Kg7 36. Rb8 Kf6 37. b4 h5 38. Rb7 a6 39. Rb6+ Kf5 40. b5 Rb3+ 41. Kd2 Kg4 42. Rxa6 Kh3 43. Rf6 g5 44. b6 Kxh2 45. a5 1-0

[Event "Asian Continental op 20th"]
[Site "Almaty"]
[Date "2023.06.09"]
[Round "7"]
[White "Arfan, Aditya Bagus"]
[Black "Wu, Yixing"]
[Result "1-0"]
[WhiteElo "2416"]
[BlackElo "2043"]
[PlyCount "137"]
[EventDate "2023.06.04"]
[EventType "swiss"]
[EventRounds "9"]
[EventCountry "KAZ"]
[SourceTitle "CBM 214 Extra"]
[Source "ChessBase"]
[SourceDate "2023.07.31"]
[SourceVersion "1"]
[SourceVersionDate "2023.07.31"]
[SourceQuality "1"]

1. Nf3 Nf6 2. c4 e6 3. g3 d5 4. Bg2 dxc4 5. Qa4+ Bd7 6. Qxc4 c5 7. Ne5 Qc8 8. 0-0 Nc6 9. Nxd7 Qxd7 10. Qa4 Nd5 11. Nc3 Be7 12. Qd1 0-0 13. b3 Bf6 14. Bb2 Nxc3 15. dxc3 Rfd8 16. Qc2 Qd2 17. Rac1 Rac8 18. Be4 Qxc2 19. Rxc2 b6 20. Bd3 Rd6 21. Bc1 Rcd8 22. Kg2 h5 23. h3 Ne7 24. Bf4 R6d7 25. Bb5 Rb7 26. e4 e5 27. Be3 h4 28. a4 Rc7 29. Rd2 Rxd2 30. Bxd2 Nc8 31. Bc4 Rd7 32. Bc1 a5 33. Kf3 Kf8 34. Be3 Be7 35. Kg4 Nd6 36. Bd5 Ne8 37. Kf3 Nc7 38. Bc4 Ne6 39. Kg4 Bf6 40. b4 axb4 41. cxb4 cxb4 42. Bxb6 Bd8 43. Bxd8 Rxd8 44. Bxe6 fxe6 45. Kxh4 Ra8 46. Ra1 Ke7 47. Kg5 Kd6 48. Kg6 Ra7 49. Rc1 Rxa4 50. Kxg7 Ra2 51. Rc4 Rxf2 52. Rxb4 Rf3 53. g4 Rxh3 54. g5 Rh4 55. g6 Ke7 56. Ra4 Rf4 57. Rb4 Rh4 58. Rb7+ Kd6 59. Kf6 Rxe4 60. g7 Rg4 61. Rb6+ Kd5 62. Rb5+ Kd6 63. Rb8 e4 64. g8Q Rxg8 65. Rxg8 Kd5 66. Kg5 Kd4 67. Kf4 e5+ 68. Kg3 Kd3 69. Kf2 1-0

[Event "Asian Continental op 20th"]
[Site "Almaty"]
[Date "2023.06.08"]
[Round "6"]
[White "Balmagambetov, Timur"]
[Black "Arfan, Aditya Bagus"]
[Result "0-1"]
[WhiteElo "2026"]
[BlackElo "2416"]
[PlyCount "216"]
[EventDate "2023.06.04"]
[EventType "swiss"]
[EventRounds "9"]
[EventCountry "KAZ"]
[SourceTitle "CBM 214 Extra"]
[Source "ChessBase"]
[SourceDate "2023.07.31"]
[SourceVersion "1"]
[SourceVersionDate "2023.07.31"]
[SourceQuality "1"]

1. e4 c5 2. Nf3 e6 3. g3 a6 4. Bg2 b5 5. 0-0 Bb7 6. Re1 d6 7. d3 Nf6 8. a4 Nbd7 9. b3 Be7 10. Bb2 0-0 11. Nc3 Qb6 12. Qd2 Rfd8 13. Ne2 Bc6 14. axb5 axb5 15. c4 Ne8 16. h3 h6 17. Kh2 Bf6 18. Bxf6 Nexf6 19. Qc3 d5 20. exd5 exd5 21. Nd2 dxc4 22. dxc4 b4 23. Qb2 Rxa1 24. Rxa1 Bxg2 25. Kxg2 Qc6+ 26. Kg1 Ne5 27. Qxe5 Rxd2 28. Nf4 g5 29. Qe3 Rd4 30. Ne2 Re4 31. Qf3 Qe6 32. Ra2 h5 33. Kg2 Qc6 34. Kg1 Qd6 35. Kg2 Kg7 36. Rb2 Kg6 37. Ra2 Kg7 38. Rb2 g4 39. Qf5 Re5 40. Qf4 Qe6 41. h4 Rf5 42. Qc1 Ne4 43. Nf4 Qc6 44. Kh2 Nc3 45. Qe3 Nd1 46. Qd3 Rxf4 47. Qxd1 Qf6 48. Qe2 Rf3 49. Kg2 Rc3 50. Kh2 Kf8 51. Qd2 Rf3 52. Kg2 Ke7 53. Rb1 Kf8 54. Rb2 Rf5 55. Ra2 Kg7 56. Kh2 Qc3 57. Rb2 Qe5 58. Kg2 Rf3 59. Kh2 Qf5 60. Qe1 Rd3 61. Qc1 Kg6 62. Qb1 Rf3 63. Qe1 Rd3 64. Qb1 Kf6 65. Qc1 Kg7 66. Qe1 Rc3 67. Qd2 Qe5 68. Rb1 Rf3 69. Rb2 Qd4 70. Qg5+ Kf8 71. Qh6+ Kg8 72. Qg5+ Qg7 73. Qd2 Kh7 74. Kg2 Qg6 75. Kh2 Rd3 76. Qf4 Rf3 77. Qe5 Qf5 78. Qe1 Kg6 79. Qe2 Rd3 80. Qe8 Kg7 81. Qe2 Rd4 82. Rd2 Rxd2 83. Qxd2 Qe5 84. Qd8 Kg6 85. Qg8+ Qg7 86. Qd8 Qf6 87. Qd3+ Qf5 88. Qd6+ f6 89. Qd2 Qf3 90. Qc2+ Kf7 91. Qh7+ Ke6 92. Qxh5 Qxf2+ 93. Kh1 Qf1+ 94. Kh2 Qh3+ 95. Kg1 Qxg3+ 96. Kh1 Qe1+ 97. Kg2 Qe2+ 98. Kg1 Qe3+ 99. Kg2 Qe4+ 100. Kg1 Kd6 101. Qh8 Qe3+ 102. Kg2 Qf3+ 103. Kg1 Ke5 104. h5 g3 105. Qb8+ Kf5 106. Qc8+ Kf4 107. Qxc5 Qd1+ 108. Kg2 Qe2+ 0-1

[Event "Asian Continental op 20th"]
[Site "Almaty"]
[Date "2023.06.06"]
[Round "4"]
[White "Erigaisi, Arjun Kumar"]
[Black "Arfan, Aditya Bagus"]
[Result "1-0"]
[WhiteElo "2702"]
[BlackElo "2416"]
[PlyCount "120"]
[EventDate "2023.06.04"]
[EventType "swiss"]
[EventRounds "9"]
[EventCountry "KAZ"]
[SourceTitle "CBM 214 Extra"]
[Source "ChessBase"]
[SourceDate "2023.07.31"]
[SourceVersion "1"]
[SourceVersionDate "2023.07.31"]
[SourceQuality "1"]

1. e4 c6 2. d4 d5 3. f3 dxe4 4. fxe4 e5 5. Nf3 Bg4 6. c3 Nd7 7. Nbd2 Ngf6 8. Be2 Bd6 9. Nc4 Qe7 10. 0-0 0-0 11. Bg5 Bxf3 12. gxf3 h6 13. Bh4 g5 14. Bg3 Nh5 15. Ne3 Qf6 16. Nf5 Rad8 17. Qb3 b6 18. Rad1 Bb8 19. a4 Ng7 20. Ne3 Nh5 21. d5 Nf4 22. Bc4 Nc5 23. Qc2 cxd5 24. Bxd5 h5 25. Kh1 Nce6 26. Bc4 Bc7 27. Rxd8 Rxd8 28. Rd1 Kf8 29. b3 Bd6 30. b4 a5 31. Bxe6 Qxe6 32. Nf5 Bc7 33. Rxd8+ Bxd8 34. Qd1 Bf6 35. h4 Qc4 36. hxg5 Be7 37. Bxf4 exf4 38. bxa5 bxa5 39. Qd4 Qf1+ 40. Kh2 Qe2+ 41. Kg1 Qe1+ 42. Kg2 Qe2+ 43. Qf2 Qxf2+ 44. Kxf2 Bxg5 45. Kg2 Bf6 46. c4 Be5 47. Kh3 Ke8 48. Kh4 Kd7 49. Kxh5 Kc6 50. Nh6 f6 51. Ng4 Kc5 52. Kg6 Kb4 53. c5 Bc7 54. Nxf6 Kxa4 55. Nd5 Bd8 56. c6 Kb3 57. c7 Bxc7 58. Nxc7 a4 59. Nb5 Kc4 60. e5 Kd5 1-0

[Event "Asian Continental op 20th"]
[Site "Almaty"]
[Date "2023.06.04"]
[Round "1"]
[White "Arfan, Aditya Bagus"]
[Black "Wu, Bing Shen"]
[Result "1-0"]
[WhiteElo "2416"]
[BlackElo "1802"]
[PlyCount "105"]
[EventDate "2023.06.04"]
[EventType "swiss"]
[EventRounds "9"]
[EventCountry "KAZ"]
[SourceTitle "CBM 214 Extra"]
[Source "ChessBase"]
[SourceDate "2023.07.31"]
[SourceVersion "1"]
[SourceVersionDate "2023.07.31"]
[SourceQuality "1"]

1. e4 d6 2. d4 Nf6 3. Nc3 g6 4. Bg5 Bg7 5. Qd2 c6 6. Bh6 Bxh6 7. Qxh6 Qa5 8. Bd3 c5 9. d5 c4 10. Bxc4 Nxe4 11. Nge2 Nd7 12. 0-0 Nef6 13. Bb5 Rg8 14. Rfe1 a6 15. Bxd7+ Bxd7 16. Nd4 Ng4 17. Qh4 g5 18. Qxh7 0-0-0 19. Qxf7 Rdf8 20. Qxe7 Qb6 21. Nce2 Rxf2 22. c3 Re8 23. Qxg5 Rfxe2 24. Rxe2 Rxe2 25. Rf1 Kb8 26. b3 Re5 27. Qg7 Qc7 28. h3 Qxc3 29. Nf3 Qe3+ 30. Kh1 Qe2 31. Qf8+ Ka7 32. Nxe5 Nxe5 33. Qf2+ Qxf2 34. Rxf2 Kb6 35. h4 Bg4 36. Rc2 Bf5 37. Rd2 Bg4 38. Kh2 Kc5 39. Kg3 Bh5 40. Kf4 Bf7 41. Kf5 Bxd5 42. h5 Bg8 43. h6 a5 44. Kf6 Ng4+ 45. Kg7 Nxh6 46. Kxh6 d5 47. Kg7 Be6 48. Kf6 Bg8 49. Ke5 b5 50. Rd4 Bf7 51. g4 Bg6 52. a3 Be4 53. b4+ 1-0

[Event "Asia zt 3.3"]
[Site "Jakarta"]
[Date "2023.05.06"]
[Round "1"]
[White "Arfan, Aditya Bagus"]
[Black "Amilal, Munkhdalai"]
[Result "1-0"]
[WhiteElo "2408"]
[BlackElo "2141"]
[PlyCount "129"]
[EventDate "2023.05.06"]
[EventType "swiss"]
[EventRounds "9"]
[EventCountry "INA"]
[SourceTitle "CBM 214 Extra"]
[Source "ChessBase"]
[SourceDate "2023.07.31"]
[SourceVersion "1"]
[SourceVersionDate "2023.07.31"]
[SourceQuality "1"]

1. e4 c5 2. Nf3 e6 3. d4 cxd4 4. Nxd4 a6 5. c4 Qc7 6. Nc3 Nf6 7. a3 Be7 8. Be2 d6 9. 0-0 Nbd7 10. Be3 b6 11. Rc1 Bb7 12. f3 0-0 13. Qe1 Rac8 14. Qf2 Bd8 15. g4 Qb8 16. g5 Ne8 17. b4 g6 18. f4 e5 19. fxe5 dxe5 20. Nb3 f5 21. gxf6 Rxf6 22. Qg2 Nf8 23. c5 bxc5 24. Nxc5 Ng7 25. Bg4 Rc7 26. Nd5 Bxd5 27. exd5 Rcf7 28. Rxf6 Bxf6 29. Rf1 Be7 30. Rxf7 Kxf7 31. Qf1+ Kg8 32. Nxa6 Qd8 33. Qb5 Bd6 34. Qd3 Qh4 35. Qe2 e4 36. Kf1 Nf5 37. Bf2 Qxh2 38. Qxe4 Ng3+ 39. Bxg3 Qxg3 40. Qf3 Qe5 41. Qd3 h5 42. Bf3 Qf4 43. Ke2 g5 44. Qe4 Qh2+ 45. Kd3 Qg3 46. Kc4 g4 47. Be2 Kg7 48. Nc5 Ng6 49. Ne6+ Kf6 50. Kb5 Qe5 51. Qg2 Ne7 52. Bc4 Nf5 53. Kb6 g3 54. Qh3 Kg6 55. Kb5 Qe4 56. Nc5 Qg4 57. Qh1 g2 58. Qg1 Nd4+ 59. Kb6 Nf3 60. Bd3+ Kf7 61. Qe3 g1Q 62. Qh6 Bf8 63. Qh7+ Bg7 64. Bf5 Qh4 65. Be6+ 1-0

[Event "Budapest Vezerkepzo GM-A 03"]
[Site "Budapest"]
[Date "2023.03.18"]
[Round "3"]
[White "Prraneeth, Vuppala"]
[Black "Arfan, Aditya Bagus"]
[Result "0-1"]
[WhiteElo "2433"]
[BlackElo "2374"]
[PlyCount "86"]
[EventDate "2023.03.16"]
[EventType "tourn"]
[EventRounds "9"]
[EventCountry "HUN"]
[EventCategory "6"]
[SourceTitle "CBM 213 Extra"]
[Source "ChessBase"]
[SourceDate "2023.05.31"]
[SourceVersion "1"]
[SourceVersionDate "2023.05.31"]
[SourceQuality "1"]

1. e4 c6 2. d4 d5 3. e5 Bf5 4. Nf3 e6 5. Be2 Nd7 6. 0-0 h6 7. c3 Ne7 8. Na3 a6 9. Nc2 c5 10. dxc5 Nc6 11. Ncd4 Be4 12. b4 Bxf3 13. Nxf3 Ndxe5 14. Nxe5 Nxe5 15. f4 Nc6 16. f5 e5 17. Be3 Be7 18. Qb3 0-0 19. Rad1 d4 20. Bf3 Bf6 21. Bxc6 bxc6 22. Qc4 a5 23. cxd4 exd4 24. Bxd4 axb4 25. Ba1 Qe7 26. Rfe1 Rfd8 27. Rb1 Qf8 28. Bxf6 gxf6 29. Rbd1 Rxd1 30. Rxd1 Ra5 31. Rc1 Qe7 32. h3 Rxa2 33. Rd1 Rd2 34. Qg4+ Kh7 35. Rxd2 Qe1+ 36. Kh2 Qxd2 37. Qc4 Kg8 38. Qg4+ Kf8 39. Qg3 Qc3 40. Qd6+ Kg7 41. Qxc6 b3 42. Qb5 b2 43. c6 Qc1 0-1

[Event "Budapest Vezerkepzo GM-A 03"]
[Site "Budapest"]
[Date "2023.03.16"]
[Round "1"]
[White "Kovalev, Andrei"]
[Black "Arfan, Aditya Bagus"]
[Result "1/2-1/2"]
[WhiteElo "2466"]
[BlackElo "2374"]
[PlyCount "41"]
[EventDate "2023.03.16"]
[EventType "tourn"]
[EventRounds "9"]
[EventCountry "HUN"]
[EventCategory "6"]
[SourceTitle "CBM 213 Extra"]
[Source "ChessBase"]
[SourceDate "2023.05.31"]
[SourceVersion "1"]
[SourceVersionDate "2023.05.31"]
[SourceQuality "1"]

1. Nf3 Nf6 2. g3 d5 3. Bg2 g6 4. 0-0 Bg7 5. d4 0-0 6. c4 c6 7. cxd5 cxd5 8. Nc3 Ne4 9. Nxe4 dxe4 10. Ne5 Nd7 11. Nxd7 Bxd7 12. Bxe4 Bh3 13. Bxb7 Rb8 14. Bg2 Bxg2 15. Kxg2 Bxd4 16. Qa4 Qd5+ 17. Kg1 Bxb2 18. Rb1 Bxc1 19. Rfxc1 a5 20. Rd1 Qe5 21. Rxb8 1/2-1/2

[Event "Budapest FS03 GM"]
[Site "Budapest"]
[Date "2023.03.14"]
[Round "9"]
[White "Arfan, Aditya Bagus"]
[Black "Seres, Lajos"]
[Result "1-0"]
[WhiteElo "2374"]
[BlackElo "2360"]
[PlyCount "31"]
[EventDate "2023.03.04"]
[EventType "tourn"]
[EventRounds "9"]
[EventCountry "HUN"]
[EventCategory "6"]
[SourceTitle "CBM 213 Extra"]
[Source "ChessBase"]
[SourceDate "2023.05.31"]
[SourceVersion "1"]
[SourceVersionDate "2023.05.31"]
[SourceQuality "1"]

1. Nf3 d5 2. c4 d4 3. b4 f6 4. e3 dxe3 5. fxe3 e5 6. c5 Be6 7. Bb2 Ne7 8. Nc3 Nf5 9. Be2 a5 10. a3 Na6 11. Qb1 axb4 12. axb4 Nxb4 13. Ba3 Nc6 14. Qxb7 Nce7 15. Bb5+ Kf7 16. Qe4 1-0

[Event "Budapest FS03 GM"]
[Site "Budapest"]
[Date "2023.03.08"]
[Round "5"]
[White "Kosic, Dragan"]
[Black "Arfan, Aditya Bagus"]
[Result "1/2-1/2"]
[WhiteElo "2387"]
[BlackElo "2374"]
[PlyCount "63"]
[EventDate "2023.03.04"]
[EventType "tourn"]
[EventRounds "9"]
[EventCountry "HUN"]
[EventCategory "6"]
[SourceTitle "CBM 213 Extra"]
[Source "ChessBase"]
[SourceDate "2023.05.31"]
[SourceVersion "1"]
[SourceVersionDate "2023.05.31"]
[SourceQuality "1"]

1. d4 d5 2. Nf3 Nf6 3. c4 c6 4. e3 Bf5 5. Nc3 e6 6. Nh4 Bg6 7. Be2 Nbd7 8. g3 Be7 9. 0-0 0-0 10. Nxg6 hxg6 11. b3 Qc7 12. Bb2 Rac8 13. Rc1 Qb8 14. Qc2 b5 15. cxb5 cxb5 16. Qd3 a6 17. a4 bxa4 18. Nxa4 a5 19. Rxc8 Rxc8 20. Rc1 Bb4 21. Rxc8+ Qxc8 22. Qa6 Qc2 23. Qd3 Qc7 24. Bd1 g5 25. Qc2 Qxc2 26. Bxc2 g4 27. Bd1 Kf8 28. Nc3 Ke7 29. Kg2 Kd6 30. h3 gxh3+ 31. Kxh3 Ne4 32. Nxe4+ 1/2-1/2

[Event "Budapest FS03 GM"]
[Site "Budapest"]
[Date "2023.03.05"]
[Round "2"]
[White "Arfan, Aditya Bagus"]
[Black "Rietze, Clemens"]
[Result "1-0"]
[WhiteElo "2374"]
[BlackElo "2325"]
[PlyCount "87"]
[EventDate "2023.03.04"]
[EventType "tourn"]
[EventRounds "9"]
[EventCountry "HUN"]
[EventCategory "6"]
[SourceTitle "CBM 213 Extra"]
[Source "ChessBase"]
[SourceDate "2023.05.31"]
[SourceVersion "1"]
[SourceVersionDate "2023.05.31"]
[SourceQuality "1"]

1. Nf3 d5 2. c4 e6 3. g3 Nf6 4. Bg2 dxc4 5. Qa4+ Nbd7 6. Qxc4 a6 7. 0-0 b5 8. Qb3 Bb7 9. Nc3 Bd6 10. d3 0-0 11. a4 b4 12. Nb1 a5 13. Nbd2 Nb6 14. Qc2 h6 15. b3 e5 16. Bb2 Re8 17. Rac1 Qe7 18. Nh4 Bxg2 19. Kxg2 Qe6 20. e4 Rad8 21. Nf5 Nfd7 22. Qc6 g6 23. Ne3 Nc5 24. Rxc5 Bxc5 25. Qxc5 Rxd3 26. Bc1 Red8 27. Ndc4 Nxc4 28. bxc4 Qd6 29. Qxa5 Qd4 30. Qxb4 Qxe4+ 31. Kg1 f5 32. Qe7 c6 33. Bb2 R8d4 34. Bxd4 exd4 35. Qd8+ Kf7 36. Rb1 Qe7 37. Qxe7+ Kxe7 38. Rd1 Ra3 39. Rxd4 Rxa4 40. h4 Ke6 41. Rd8 g5 42. hxg5 hxg5 43. Re8+ Kd7 44. Rf8 1-0

[Event "Budapest FS03 GM"]
[Site "Budapest"]
[Date "2023.03.04"]
[Round "1"]
[White "Bruedigam, Martin"]
[Black "Arfan, Aditya Bagus"]
[Result "1/2-1/2"]
[WhiteElo "2386"]
[BlackElo "2374"]
[PlyCount "68"]
[EventDate "2023.03.04"]
[EventType "tourn"]
[EventRounds "9"]
[EventCountry "HUN"]
[EventCategory "6"]
[SourceTitle "CBM 213 Extra"]
[Source "ChessBase"]
[SourceDate "2023.05.31"]
[SourceVersion "1"]
[SourceVersionDate "2023.05.31"]
[SourceQuality "1"]

1. e4 c6 2. Nf3 d5 3. d3 Bg4 4. h3 Bh5 5. Be2 Nd7 6. 0-0 dxe4 7. dxe4 e5 8. Be3 Ngf6 9. Nbd2 Qc7 10. Nh4 Bg6 11. Nxg6 hxg6 12. Bc4 Bc5 13. Qf3 Bxe3 14. Qxe3 Qb6 15. Rfe1 Qxe3 16. Rxe3 Nb6 17. Bb3 Nfd7 18. Nc4 Nxc4 19. Bxc4 Nb6 20. Be2 Ke7 21. a4 Rhd8 22. a5 Nd7 23. Rc3 Rac8 24. Rd1 Nf6 25. Rxd8 Rxd8 26. f3 Rd6 27. Rb3 Rd7 28. Rc3 Kd6 29. h4 Rc7 30. Rd3+ Ke7 31. g3 Nd7 32. Kf2 f5 33. exf5 gxf5 34. Re3 Rc8 1/2-1/2

[Event "Chiang Mai op 20th"]
[Site "Chiangmai"]
[Date "2022.10.30"]
[Round "9.7"]
[White "Priasmoro, Novendra"]
[Black "Arfan, Aditya Bagus"]
[Result "0-1"]
[WhiteElo "2512"]
[BlackElo "2341"]
[PlyCount "74"]
[EventDate "2022.10.22"]
[EventType "swiss"]
[EventRounds "9"]
[EventCountry "THA"]
[SourceTitle "EXT 2024"]
[Source "ChessBase"]
[SourceDate "2023.10.10"]
[SourceVersion "1"]
[SourceVersionDate "2023.10.10"]
[SourceQuality "1"]

1. d4 d5 2. Nf3 Nf6 3. c4 c6 4. Nc3 dxc4 5. a4 Bf5 6. e3 e6 7. Bxc4 Bb4 8. 0-0 0-0 9. Qb3 Qb6 10. Nh4 Bg4 11. f3 Bh5 12. g4 Bg6 13. Ne2 c5 14. g5 Nd5 15. Nxg6 hxg6 16. dxc5 Qxc5 17. Bxd5 exd5 18. Rd1 Rd8 19. Nf4 d4 20. exd4 Qxg5+ 21. Kh1 Bd6 22. Qxb7 Nd7 23. Qd5 Qf6 24. Ng2 Nb6 25. Qb3 Rac8 26. a5 Nc4 27. Ra4 Qe6 28. d5 Qh3 29. Bf4 Re8 30. Rxc4 Re2 31. Rg1 Rb8 32. Qa4 Rbxb2 33. Bxd6 Rxg2 34. Qe8+ Kh7 35. Rh4+ Qxh4 36. Rxg2 Qh3 37. Rxb2 Qf1# 0-1

[Event "Hanoi IM"]
[Site "Hanoi"]
[Date "2022.05.26"]
[Round "4"]
[White "Pham, Xuan Dat"]
[Black "Arfan, Aditya Bagus"]
[Result "0-1"]
[WhiteElo "2227"]
[BlackElo "2319"]
[PlyCount "78"]
[EventDate "2022.05.24"]
[EventType "tourn"]
[EventRounds "9"]
[EventCountry "VIE"]
[EventCategory "1"]
[SourceTitle "CBM 208 Extra"]
[Source "ChessBase"]
[SourceDate "2022.07.31"]
[SourceVersion "1"]
[SourceVersionDate "2022.07.31"]
[SourceQuality "1"]

1. d4 Nf6 2. c4 g6 3. Nc3 Bg7 4. e4 d6 5. Nf3 0-0 6. Be2 Na6 7. 0-0 e5 8. Be3 Ng4 9. Bg5 Qe8 10. dxe5 dxe5 11. h3 f6 12. Bc1 Nh6 13. Be3 Nf7 14. c5 Be6 15. Bb5 c6 16. Bxa6 bxa6 17. Qa4 f5 18. Ng5 Nxg5 19. Bxg5 h6 20. exf5 gxf5 21. Bh4 Rb8 22. b3 e4 23. Rac1 Rf7 24. Ne2 Be5 25. f4 exf3 26. Rxf3 Bd5 27. Rf2 Rg7 28. Nf4 Be4 29. Qc4+ Kh7 30. g3 Bxf4 31. Rxf4 Qe5 32. Rcf1 Rb5 33. g4 Rxc5 34. Bf6 Qd6 35. Qb4 Qd3 36. R4f3 Bxf3 37. Qxc5 Bxg4 38. Qc3 Bxh3+ 39. Bxg7 Qxf1+ 0-1

[Event "Bekasi Scua op 1st"]
[Site "Bekasi"]
[Date "2022.01.16"]
[Round "9"]
[White "Arfan, Aditya Bagus"]
[Black "Sadikin The, Irwanto"]
[Result "1-0"]
[WhiteElo "2235"]
[BlackElo "2280"]
[PlyCount "59"]
[EventDate "2022.01.12"]
[EventType "swiss"]
[EventRounds "9"]
[EventCountry "INA"]
[SourceTitle "CBM 206 Extra"]
[Source "ChessBase"]
[SourceDate "2022.03.31"]
[SourceVersion "1"]
[SourceVersionDate "2022.03.31"]
[SourceQuality "1"]

1. e4 e5 2. Nf3 Nc6 3. d4 exd4 4. Nxd4 Nf6 5. Nxc6 bxc6 6. e5 Qe7 7. Qe2 Nd5 8. c4 Qb4+ 9. Nd2 Nf4 10. Qe4 Ne6 11. g3 Bb7 12. Bg2 Rb8 13. 0-0 c5 14. Qd3 Bxg2 15. Kxg2 Nd4 16. b3 Be7 17. Bb2 0-0 18. Bxd4 cxd4 19. Qxd4 d6 20. Rad1 Qa3 21. exd6 Bxd6 22. Qc3 a5 23. Qc2 a4 24. Rb1 Bb4 25. Nf3 axb3 26. Rxb3 Qa8 27. Rfb1 Qa4 28. Qf5 Rb6 29. c5 Qa5 30. Ng5 1-0

[Event "Bekasi Scua op 1st"]
[Site "Bekasi"]
[Date "2022.01.15"]
[Round "6"]
[White "Arfan, Aditya Bagus"]
[Black "Rian, Kapriaga"]
[Result "1-0"]
[WhiteElo "2235"]
[BlackElo "2105"]
[PlyCount "81"]
[EventDate "2022.01.12"]
[EventType "swiss"]
[EventRounds "9"]
[EventCountry "INA"]
[SourceTitle "CBM 206 Extra"]
[Source "ChessBase"]
[SourceDate "2022.03.31"]
[SourceVersion "1"]
[SourceVersionDate "2022.03.31"]
[SourceQuality "1"]

1. e4 c6 2. d4 d5 3. exd5 cxd5 4. Bd3 Nc6 5. c3 Qc7 6. Ne2 Bg4 7. f3 Bd7 8. Na3 a6 9. Nc2 Nf6 10. 0-0 e5 11. dxe5 Nxe5 12. Bf4 Bd6 13. Ng3 0-0 14. Nd4 Rfe8 15. Kh1 Nc4 16. Bxd6 Qxd6 17. Bxc4 dxc4 18. Qd2 Re5 19. Rad1 Rae8 20. Rfe1 h5 21. Nf1 h4 22. Ne3 b5 23. Nec2 h3 24. g3 Bc8 25. Kg1 Bb7 26. Rxe5 Rxe5 27. Re1 Nd7 28. Qf4 Rxe1+ 29. Nxe1 Ne5 30. Qg5 g6 31. a3 Qd5 32. Kf1 a5 33. Nf5 Kf8 34. Qe7+ Kg8 35. Ne3 Qd2 36. Qxe5 Bc6 37. Ng4 Bxf3 38. Qe8+ Kg7 39. Qe3 Bg2+ 40. Kg1 Qd1 41. Qh6+ 1-0